Internetworking with TCP/IP

This volume addresses the question of how applications that use TCP/IP can be designed. Focusing on the client-server paradigm, this book examines algorithms for both the client and server components of a distributed program, shows an implementation that illustrates each design, discusses techniques...

詳細記述

保存先:
書誌詳細
第一著者: Comer, Douglas
フォーマット: 図書
言語:Undetermined
出版事項: Englewood Cliffs, N.J. Prentice Hall 1993
主題:
タグ: タグ追加
タグなし, このレコードへの初めてのタグを付けませんか!
Thư viện lưu trữ: Trung tâm Học liệu Trường Đại học Cần Thơ
LEADER 01340nam a2200205Ia 4500
001 CTU_222230
008 210402s9999 xx 000 0 und d
020 |c 5.57 
082 |a 004.6 
082 |b C732/Vol.3 
100 |a Comer, Douglas 
245 0 |a Internetworking with TCP/IP 
245 0 |c Douglas E. Comer, David L. Stevens 
260 |a Englewood Cliffs, N.J. 
260 |b Prentice Hall 
260 |c 1993 
520 |a This volume addresses the question of how applications that use TCP/IP can be designed. Focusing on the client-server paradigm, this book examines algorithms for both the client and server components of a distributed program, shows an implementation that illustrates each design, discusses techniques like application-level gateways and tunnelling, and reviews several standard protocols. As well as describing concurrent processes and the system functions used to create them, this third volume in Comer's series also explains how each design fits into the space of possible implementations, emphasizes design principles that underlie practical implementations and offers sample programs that show how each design operates in practice. 
650 |a Internetworking (Telecommunication),Internet (Viễn Thông) 
904 |i Nguyễn An Khang 
980 |a Trung tâm Học liệu Trường Đại học Cần Thơ